Las puertas del paraíso / (Registro nro. 10310)

Detalles MARC
000 -LIDER
fixed length control field 00859nam a22002897a 4500
001 - NÚMERO DE CONTROL
Identificador de número de control 00003653
003 - IDENTIFICACDOR DE NÚMERO DE CONTROL
control field DO-SdBNP
005 - DATE AND TIME OF LATEST TRANSACTION
control field 20180202094444.0
007 - CAMPOS FIJOS DE DESCRIPCIÓN FÍSICA
fixed length control field 00003653
008 - ELEMENTOS DE LONGITUD FIJA
fixed length control field 160608b 1992 sp 00| 0 spa d
020 ## - ISBN
International Standard Book Number 84-01-49328-5
040 ## - FUENTE DE CATALOGACIÓN
Agencia que crea de manera original el registro BPMSU
Idioma de catalogación spa
Agencia que realiza la transcripción BPMSU
041 17 - CÓDIGOS DE OBRAS TRADUCIDAS O EN VARIOS IDIOMAS
Código del idioma del texto/archivo de sonido o separata spa
Cód. del idioma original y/o traducciones intermedias del texto eng
092 ## - LOCALLY ASSIGNED DEWEY DECIMAL CALL NUMBER
Número de clasificación xxxxx
Número de ítem (Cutter) xxxxx
100 1# - ASIENTO PRINCIPAL -- NOMBRE PERSONAL
Nombre personal Andrews, V. C.,
Fechas asociadas con el nombre 1923-1986.
240 10 - TITULO UNIFORME
Título uniforme Gates of paradise.
Idioma de una obra Español
245 10 - MENCIÓN DE TITULO
Título Las puertas del paraíso /
Mención de responsabilidad V. C. Andrews ; traducción de Lorenzo Cortina.
250 ## - MENCIÓN DE EDICION
Mención de edición 2a ed.
260 ## - PUBLICACIÓN, DISTRIBUCIÓN, ETC. (PIE DE IMPRENTA)
Lugar de publicación, distribución, etc Barcelona :
Nombre del editor, distribuidor, etc. Plaza & Janés,
Fecha de publicación, distribución, etc 1992.
300 ## - DESCRIPCIÓN FÍSICA
Extensión 362 p. ;
Dimensiones 19 cm.
490 1# - MENCIÓN DE SERIES
Mención de serie Los Jet de Plaza & Janés
Volume/sequential designation 182/8
700 ## - ASIENTO SECUNDARIO -- NOMBRE PERSONAL
Nombre personal Cortina, Lorenzo,
Mención de responsabilidad tr.
830 #0 - ASIENTO SECUNDARIO DE SERIE--TÍTULO UNIFORME
Nombre de la parte o sección de una obra Los Jet de Plaza & Janés ;
Número de la parte o sección de una obra 182/8
942 ## - ADDED ENTRY ELEMENTS (KOHA)
Source of classification or shelving scheme Dewey Decimal Classification
Koha item type Libros
945 ## - INFORMACIÓN DE PROCESAMIENTO LOCAL
Información de procesamiento local Inventariado, 2018/ YL
956 ## - LOCAL ELECTRONIC LOCATION AND ACCESS (OCLC)
Método de acceso LOPEREZ
Materiales especificados 10
Enlace 20160608
Campo enlazado y núm. de secuencia BPMSU
Nombre de host 00041
Existencias
Withdrawn status Lost status Source of classification or shelving scheme Damaged status Not for loan Collection code Home library Current library Date acquired Source of acquisition Total Checkouts Barcode Date last seen Copy number Price effective from Koha item type
    Dewey Decimal Classification     Colección General Biblioteca Pública Metropolitana Salomé Ureña Biblioteca Pública Metropolitana Salomé Ureña 06/08/2016 Donado por FUNDI   BPMSU16060099 06/08/2016 Ej. 1 06/08/2016 Libros